000 004550000a22001690004500
003 MACL
005 20151216164827.0
008 151216b xxu||||| |||| 00| 0 eng d
040 _aMACL
_cMACL
041 _aEnglish
082 _a030/CAV
100 _aMarshall Cavendish Corporation
_920562
245 _aEncyclopedia of Mammals
_bVol 3 Bea Cat
260 _bMarshall Cavendish Corporation
650 _aEncyclopaedia
_920563
942 _cBK
_k030/CAV
_2ddc
999 _c39924
_d39924